MDQL
is popping MORE tags! Check the
thread
!
Quizzes
Events
Quiz Creation
Community
Videos
Private Events
Remove Ads
Sign In
Join for FREE
Feedback
Dark Mode
Quiz Categories
Sports
Geography
Music
Movies
Television
Just For Fun
Miscellaneous
History
Literature
Language
Science
Gaming
Entertainment
Religion
Holiday
For Kids
Quiz Lab
Recent
Popular Today
Quiz Kudos Today
Editor Picks
Curator Picks
Quizzes by...
Day
Popularity
Type
Ratings
Length
Year
Community
Subscriptions
Recent Discussions
Orange Saloon
Badges
Playlists
Quests
Create
Leaderboards
Showdown
Live 5
Trivia Bingo
Activity
Puzzle Library
Sporcle Events
Private Events
Virtual Trivia
Globe League
Become a Host
Pub Owners
SporcleCon
Opinionation
Our Games
Videos
Blog
Mobile Apps
Partnerships
Remove Ads and Go Orange
Feedback
Music
Pop Music
The Beatles
Song
Album
Lyrics
Bands
Singers
Artist
Clip
Rock
Rap
Classical
Billboard
Country Music
Kpop
Taylor Swift
Music
Pop Music
The Beatles
Song
Album
Lyrics
Bands
Singers
Artist
Clip
Rock
Rap
Classical
Billboard
Country Music
Kpop
Taylor Swift
Random Quiz
Search Sporcle
×
Quiz Lab
Quiz Lab
Music
Song
Type in answers that appear in a list
Type in answers that appear in a list
Classic
Best Score? Go Orange.
Alesana Songs Stats
Can you name the Alesana Songs?
By
carsonriley2012
10m
67 Questions
126 Plays
126 Plays
126 Plays
Comments
Comments
Give Quiz Kudos
Give Quiz Kudos
-
- Ratings
hide this ad
Random Order
Randomize order of answers
Randomize order of answers
Replay
Link that replays current quiz
Next Quiz
Link to next quiz in quiz playlist
You Got
0%
They Got
Avg Score
47%
Avg Friend Score
Upgrade to see
Score Distribution
Jump to the score distribution portion of the page
Score
0/67
Timer
10:00
0
Plays Today
Album
Song
% Correct
The Emptiness
Annabel
76.2%
On Frail Wings Of Vanity And Wax
Ambrosia
74.6%
On Frail Wings Of Vanity And Wax
Apology
73.8%
On Frail Wings Of Vanity And Wax
Apology
73.8%
The Emptiness
The Thespian
73.8%
Try This With Your Eyes Closed
Apology
73.8%
Try This With Your Eyes Closed
Not A Single Word About This
71.4%
The Emptiness
The Artist
70.6%
The Emptiness
The Murderer
69.8%
On Frail Wings Of Vanity And Wax
Congratulations, I Hate You
64.3%
Try This With Your Eyes Closed
Congratulations, I Hate You
64.3%
The Emptiness
Curse Of The Virgin Canvas
63.5%
The Emptiness
The Lover
60.3%
Where Myth Fades To Legend
Seduction
59.5%
The Emptiness
To Be Scared By An Owl
58.7%
On Frail Wings Of Vanity And Wax
Icarus
56.3%
On Frail Wings Of Vanity And Wax
This Conversation Is Over
54%
Try This With Your Eyes Closed
Early Mourning
54%
On Frail Wings Of Vanity And Wax
Early Mourning
54%
A Place Where The Sun Is Silent Act One: The Gate
Circle VII: Sins Of The Lion
53.2%
The Emptiness
A Lunatics Lament
53.2%
The Emptiness
Hymn For The Shameless
50.8%
On Frail Wings Of Vanity And Wax
The Third Temptation Of Paris
49.2%
The Emptiness
Heavy Hangs The Albatross
49.2%
A Place Where The Sun Is Silent Act One: The Gate
The Temptress
48.4%
Try This With Your Eyes Closed
Red And Dying Evening
48.4%
Try This With Your Eyes Closed
Goodbye, Goodnight, For Good
48.4%
Where Myth Fades To Legend
Goodbye, Goodnight, For Good
48.4%
Where Myth Fades To Legend
Red And Dying Evening
48.4%
On Frail Wings Of Vanity And Wax
The Last Three Letters
47.6%
On Frail Wings Of Vanity And Wax
Tilting The Hourglass
46.8%
Try This With Your Eyes Closed
Beautiful In Blue
46.8%
Where Myth Fades To Legend
Beautiful In Blue
46.8%
A Place Where The Sun Is Silent Act One: The Gate
Lullaby Of The Crucified
46%
Album
Song
% Correct
On Frail Wings Of Vanity And Wax
Nero's Decay
46%
Where Myth Fades To Legend
This Is Usually The Part Where People Scream
43.7%
A Place Where The Sun Is Silent Act One: The Gate
Vestige
42.9%
On Frail Wings Of Vanity And Wax
Alchemy Sounded Good At The Time
42.1%
A Place Where The Sun Is Silent Act One: The Gate
A Forbidden Dance
41.3%
A Place Where The Sun Is Silent Act One: The Gate
Hand In Hand With The Damned
41.3%
On Frail Wings Of Vanity And Wax
Pathetic, Ordinary
40.5%
On Frail Wings Of Vanity And Wax
A Sirens Soliloquy
39.7%
Where Myth Fades To Legend
Better Luck Next Time, Prince Charming
38.9%
Where Myth Fades To Legend
As You Wish
38.9%
The Emptiness
In Her Tomb By The Sounding Sea
38.1%
Try This With Your Eyes Closed
And They Call This Tragedy
38.1%
Where Myth Fades To Legend
And They Call This Tragedy
38.1%
Where Myth Fades To Legend
Obsession Is Such An Ugly Word
38.1%
On Frail Wings Of Vanity And Wax
Daggers Speak Louder Than Words
37.3%
A Place Where The Sun Is Silent Act Two: The Immortal Still
A Gilded Masquerade
36.5%
A Place Where The Sun Is Silent Act One: The Gate
The Dark Wood Of Error
35.7%
A Place Where The Sun Is Silent Act Two: The Immortal Still
The Fiend
35.7%
A Place Where The Sun Is Silent Act Two: The Immortal Still
And Now For The Final Illusion
34.9%
A Place Where The Sun Is Silent Act One: The Gate
Beyond The Sacred Glass
33.3%
Try This With Your Eyes Closed
Endings Without Stories
32.5%
Where Myth Fades To Legend
Endings Without Stories
32.5%
A Place Where The Sun Is Silent Act Two: The Immortal Still
The Best Laid Plans Of Mice and Marionettes
31.7%
Where Myth Fades To Legend
A Most Profound Quiet
31.7%
A Place Where The Sun Is Silent Act Two: The Immortal Still
Labyrinth
31%
Where Myth Fades To Legend
Sweetheart, You Are Sadly Mistaken
31%
A Place Where The Sun Is Silent Act Two: The Immortal Still
Welcome To The Vanity Faire
30.2%
Where Myth Fades To Legend
All Night Dance Parties In The Underground Palace
30.2%
A Place Where The Sun Is Silent Act Two: The Immortal Still
The Wanderer
28.6%
The Emptiness
Interlude 3
28.6%
A Place Where The Sun Is Silent Act Two: The Immortal Still
Before Him All Shall Scatter
27.8%
Where Myth Fades To Legend
The Uninvited Thirteenth
27.8%
The Emptiness
Interlude 4
27%
Quiz Playlist
Details
Report
Send in Message
Add To Playlist
Classic:
Type in answers that appear in a list
Random Order:
Randomize order of answers
Last Updated: Feb 16, 2017
Quiz Scoreboard
CHALLENGE
Sign Up to Join the Scoreboard
Show All
Scores
Hide
Comments
May contain spoilers
Recently Published
Image Sorting: Flags VI
by Barbecue
Geography
2m
Find the 'City' Movie
by crazypaving
Movies
60s
Colored Red Africa Blitz
by spor1
Geography
45s
More to Explore
Quiz From the Vault
Featured Blog Post
14 Easter Pick-up Lines to Find Eggs With
hide this ad
You Might Also Like...
Tags
Album Quiz
Song Quiz
detail
Today's Top Quizzes in Music
Browse Music
hide this ad
Today's Top Quizzes in Song
Browse Song
Top Contributed Quizzes in Music
1
5X2 Blitz: Bands II
2
5X2 Blitz: The Beatles
3
Taylor Swift All Songs (2024)
4
5X2 Blitz: Billboard
5
5X2 Blitz: Billboard II
6
5X2 Blitz: Album
7
5X2 Blitz: Rock
8
5X2 Blitz: Singers
9
Taylor Swift Logic Puzzle II
10
5X2 Blitz: Lyrics
Explore More
Trending Topics
Anime
NBA
Kpop
Harry Potter
Disney
Marvel
Crossword
WWE
Pokémon
Song
NFL
Soccer
The Office
Country
Puzzle
hide this ad
More By:
carsonriley2012
Quiz
Plays
Rating
Category
Featured
Created
Guess the Horror Movie
847
1.75
Movies
Apr 26, 2012
Who sings it? (Screamo/metalcore version)
406
Music
Apr 18, 2012
Alesana Songs
126
5.00
Music
Jun 7, 2012
Who sings it? (Screamo/Hardcore version)
104
1.00
Music
Apr 20, 2012
Punk Goes Pop Volume 1
35
Music
Jun 7, 2012
Go to Creator's Profile
Score Distribution
Quiz Creator Spotlight
carsonriley2012
Follow
Send a Message
Quizzes Created
-
Created Quiz Play Count
-
More By This Creator
Popular Quizzes Today
1
Colored Red Africa Blitz
2
Find the US States - No Outlines Minefield
3
Find the 'City' Movie
4
5x2 Blitz: Bands
5
The Countries of the World
6
Find the US States
7
Find the Countries of Europe - No Outlines Minefield
8
US States
More Music Quizzes
Green Day Songs by Image
Published
Trending Quizzes
Colored Red Europe Blitz I
Colored Red Europe Blitz II
Colored Red Africa Blitz II
Colored Red Europe Blitz III
Colored Red Africa Blitz III
Recently Updated
How Do You Spell That?
pecheneg
Godzilla Movies
pecheneg
Grab Bag: 4-10 Letters
pecheneg
2024 March Madness Bracket
pecheneg
Famous TV Couples
Peacemaker
Champions League XIs: Real Madrid
pecheneg
Largest US Cities 1790-2010
pecheneg
Rides in Walt Disney World
pecheneg
Most Oscar Losses (Acting)
pecheneg
Beyoncé Albums
pecheneg
Trending Topics
Kpop
Harry Potter
NBA
Crossword
Anime
Marvel
Disney
Puzzle
Soccer
WWE
NFL
Country
The Office
Song
Pokémon
Your Account Isn't Verified!
In order to create a playlist on Sporcle, you need to verify the email address you used during registration. Go to your
Sporcle Settings
to finish the process.
Report this User
Report this user for behavior that violates our
Community Guidelines
.
Details:
Send Report
Go to the Sporcle.com Mobile Site →
Comments